| 000 | 00683nam a2200169 a 4500 | ||
|---|---|---|---|
| 005 | 20210219153757.0 | ||
| 008 | 010828s1986 mx r 000 0 spa d | ||
| 035 | _aUPN01000110622 | ||
| 049 | _aAV | ||
| 050 | 4 | _aPVI P 01023 | |
| 245 | 0 | 0 | _aIsabel Allende |
| 260 |
_aMéxico : _bPelículas Ebesa [distribuidor], _cc1986. |
||
| 300 |
_a1 videocasete (VHS) (43 min.) : _bson., col. |
||
| 520 | _aUna de las autoras que han marcado el rumbo actual de la literatura hispanoamericana. Al ser entrevistada, nos ofrece el perfil de su vida y los principales aspectos que la han inspirado en el devenir de su obra literaria. | ||
| 600 | 1 | 4 |
_aALLENDE, ISABEL, _d1942- |
| 905 | _aAudiovisuales | ||
| 999 |
_c84531 _d84531 |
||